Philosophy of education

Αποθηκεύτηκε σε:
Λεπτομέρειες βιβλιογραφικής εγγραφής
Κύριος συγγραφέας: Noddings, Nel
Μορφή: Βιβλίο
Γλώσσα:English
Δημοσίευση: Oxford : Westview Press, 1998
Σειρά:Dimensions of philosophy series
Θέματα:
Ετικέτες: Προσθήκη ετικέτας
Δεν υπάρχουν, Καταχωρήστε ετικέτα πρώτοι!

MARC

LEADER 00000nam a2200000 i 4500
001 1/97007
008 991216s1998 eng d
020 |a 0-8133-8430-3 
035 |l 10055975 
040 |a GR-MY-UA  |b gre  |e aacr 
041 0 |a eng 
082 0 |a 370.1 
100 1 |a Noddings, Nel. 
245 1 0 |a Philosophy of education /  |c Nel Noddings 
260 |a Oxford :   |b Westview Press,   |c 1998 
300 |a 226 p. 
490 1 |a Dimensions of philosophy series 
650 0 0 |a Education  |x Philosophy. 
830 0 |a Dimensions of philosophy series 
852 |a INST  |b RHODES  |e 19991216  |h 370.1 NOD  |p 005400012080  |q 005400012080  |t BK  |y 0 
901 |a BIBL4-2000-1 
909 |a Ρ  |b 068543 
922 |a 4ΕΛΗ  |b 199909  |c ΚΠΣ/154  |d GLORY BOOKS 
970 |a ΚΟΥΛΑΚΙΟΤΗ  |b ΛΙΤΣΑ  |z 2000/01/14